XXIII Premis prevenció d'incendis forestals : 2019 2019
Descripción Física:
1 díptic ; il·lustracions color ; 15 x 21 cm
Idioma:
Catalán
MARC
| LEADER | 00000nam a22000007a 4500 | ||
|---|---|---|---|
| 001 | 27929 | ||
| 003 | Arxiu | ||
| 005 | 20260324181517.0 | ||
| 008 | 230523b spa||||| |||| 00| 0 cat d | ||
| 017 | |a B 27028-2019 | ||
| 040 | |a agdb |b cat | ||
| 245 | |a XXIII Premis prevenció d'incendis forestals : |b 2019 | ||
| 246 | |a 23è premis Prevenció d'Incendis Forestals 2019 | ||
| 260 | |a Barcelona : |b Diputació de Barcelona ; |c 2019 | ||
| 300 | |a 1 díptic ; |b il·lustracions color ; |c 15 x 21 cm | ||
| 650 | 0 | |9 55415 |a Incendis forestals |x Prevenció i control |x Premis | |
| 710 | |a Barcelona (Catalunya : Província). |b Oficina Tècnica de Prevenció Municipal d'Incendis Forestals |9 9456 | ||
| 942 | |2 udc |c ARXIU |n 1 | ||
| 952 | |0 0 |1 0 |2 udc |4 0 |6 FU75123 |7 1 |9 66397 |a Arxiu |b Arxiu |d 2023-05-23 |l 0 |o FU-75-123 |p 27929 |r 2023-05-23 00:00:00 |w 2023-05-23 |y ARXIU | ||
| 999 | |c 83742 |d 83742 | ||